000 00620nam a2200193 i 4500
001 37712
003 ES-MaACL
005 20250815100053.0
007 t|
008 030221s1978 sp ||||1| spa d
100 1 _aBuzzati-Traverso, Adriano A.
_933004
245 1 3 _aLa empresa científica, hoy y mañana /
_cAdriano A. Buzzati-Traverso.
260 _a[Madrid] :
_bSantillana,
_c[1978]
300 _a670 p. :
_bil. ;
_c25 cm.
490 1 _aEducación, ciencia, cultura
830 0 0 _aEducación, ciencia, cultura (Santillana)
_9229651
852 _aES-MaACL
_jA-9246
_bR.98219
999 _c37712
_d37712